| 000 | 00498cam a22002052a 4500 | ||
|---|---|---|---|
| 001 | 019929 | ||
| 003 | AR-FADEU | ||
| 008 | 311216n1910####xxu####################dd | ||
| 092 | _eHD | ||
| 100 | _aMalagarriga, C. | ||
| 245 | _aProcedimiento Penal Argentino | ||
| 260 | _aBuenos Aires | ||
| 260 | _bLibrerÃa Nacional | ||
| 260 | _c1910 | ||
| 300 | _a1 t. | ||
| 500 | _aLa Biblioteca contiene tomo 2 | ||
| 700 | _aSasso, S. A. | ||
| 650 | _aDERECHO-HISTORIA Y CRITICA/HD/ | ||
| 942 | _cHD | ||
| 999 |
_c25654 _d25654 |
||